| 000 | 00829nam a22002417a 4500 | ||
|---|---|---|---|
| 999 |
_c22459 _d22459 |
||
| 003 | AR-CdUCM | ||
| 008 | 190319b ||||| |||| 00| 0 spa d | ||
| 020 | _a9786124419164 | ||
| 040 |
_aMUNICIPALIDAD PROVINCIAL DEL CUSCO _cBIBLIOTECA MUNICIPAL DEL CUSCO |
||
| 082 |
_a641.25/H87F _bH87F |
||
| 100 |
_aHuertas Vallejos, Lorenzo _948244 |
||
| 245 |
_aFundamentos históricos de la peruanidad del pisco / _cLorenzo Huertas Vallejos |
||
| 260 |
_aLima : _bUniversidad Ricardo Palma, _c2019. |
||
| 300 |
_a234 Páginas. : _bil. col., facsíms. mapas, planos ; _c24 cm. |
||
| 500 | _zBibliografía: p. 135-152. | ||
| 650 |
_aPisco _918272 |
||
| 650 |
_aVinicultura _919377 |
||
| 650 |
_aViñedos _948245 |
||
| 650 |
_aLicores _948246 |
||
| 710 |
_aUniversidad Ricardo Palma (Lima) _912820 |
||
| 942 |
_2ddc _cLIBROS |
||
| 945 | _arac | ||